000 01013nam a2200301 a 4500
001 000043898
003 DO-SdBPM
005 20250618114803.0
007 ta
008 140508s2014 dr r 000 c spa d
020 _a9789945582048
040 _aDO-SdBPM
_bspa
_cBPMSU
_erda
082 4 _aRD863.5
_bV422e 2014
_222
100 1 _aVega, Máximo,
_d1966-
_eautor
245 1 0 _aEra lunes ayer :
_bcuentos /
_cMáximo Vega.
264 _aSanto Domingo :
_bBanco Central de la República Dominicana,
_c2014.
300 _a192 páginas . ;
_c23 cm.
336 _atexto
_btxt
_2rdacontent
337 _asin mediación
_bn
_2rdamedia
338 _avolumen
_bnc
_2rdacarrier
490 0 _aBanco Central de la República Dominicana ;
_aArte y literatura
_v196/66
500 _aIncluye datos biográficos del autor en la solapa de la cubierta
590 _aInventariado, 2025/VM
650 4 _aCuentos dominicanos
650 4 _aLiteratura dominicana
910 _aVMateo V. Control de calidad BPMSU
942 _2ddc
_cBK
999 _c15183
_d15183